000 00594na a2200205 4500
001 19453
003 MIRAKIL
005 20181213155103.0
008 161214b tu 000 0
040 _aMilas
_btur
_cTR-AnCHP
041 _atur
082 _a379.3561
_bÖ93 2002
090 _a379.3561 Ö93 2002
245 _aÖzel okullarda eğitim ve öğretim
_cÖzel Okullar Derneği
260 _aAntalya
_bÖzel Okullar Derneği
_c2002
300 _a18 s.
_btbl.
_c21 sm.
650 _aÖzel okullar
_xEğitim ve öğretim
_zTürkiye
710 _aÖzel Okullar Derneği
942 _2ddc
_cBKS
999 _c6319
_d6319